000 00671nam a2200181Ia 4500
005 20260429112040.0
008 260429s9999||||xx |||||||||||||| ||und||
020 _a9789391798710
041 _aHindi
082 _a891.431
_bBAL
100 _aबाला, रजनी
245 0 _aइतिहास से बाहर कहां रखूं इसे...नरेंद्र मोहन रचना- संचयन /
_cरजनी बाला
250 _a1st ed.
260 _aदिल्ली :
_bएकैडमिक पब्लिकेशन,
_c2022.
300 _a584 p.; Hb
650 _aहिंदी साहित्य
942 _cTB
999 _c52085
_d52085